Word Ladder: Car Compendium II Quiz Stats

 Plays Quiz Updated Mar 8, 2017

Support Sporcle.
Go Orange.
Score 0/22 Timer 02:00
0 Plays Today
Hint 4-Letter Word % Correct
❖ A storage chamber for gasoline ❖TANK
96.1%
To communicate verballyTALK
95.5%
Building with money and tellersBANK
95.1%
Built-in bed on a shipBUNK
92.6%
An adult male cattleBULL
90.4%
Two-person sword fightDUEL
88.9%
Boring or unsharpDULL
88.4%
❖ American automaker ❖FORD
87.1%
The mass or magnitude of something largeBULK
86.7%
A lock of hair having a spiral formCURL
86.4%
Golfer's warningFORE
85.7%
Hint 4-Letter Word % Correct
❖ Bus money ❖FARE
84.9%
A white substance formed when milk soursCURD
83.8%
❖ Gasoline, vis-à-vis a vehicle ❖FUEL
82.7%
Long thin flexible string or ropeCORD
81.7%
Select out of a groupCULL
77.4%
❖ A [Rung 4] with maximum [Rung 10] ❖FULL
77%
To worry or feel concernCARE
69.7%
Thematic Pixar filmCARS
69.3%
❖ With [Rung 22]; vehicles for hire ❖TAXI
65.8%
Large bones in the ankleTALI
58.7%
❖ With [Rung 1]; vehicles for hire ❖CABS
55.6%

Today's Daily Dose

Missing Word
FPS Games (A-Z)

Quick Pick
Cartoon Lions

Get the Picture
5, 6, 7, or 8 Movies

You're not logged in!

Compare scores with friends on all Sporcle quizzes.
OR
Log In
Forgot?

From the Vault

NBA Award and Title in Same Year

by MechaSnoopy

Because one trophy per year just isn't enough.
Remove Ads.
Support Sporcle.
Get the best of Sporcle when you Go Orange. This ad-free experience offers more features, more stats, and more fun while also helping to support Sporcle. Thank you for becoming a member.

Show Comments

Extras

Top Quizzes Today


Score Distribution

Your Account Isn't Verified!

In order to create a playlist on Sporcle, you need to verify the email address you used during registration. Go to your Sporcle Settings to finish the process.

Report this User

Report this user for behavior that violates our Community Guidelines.

Details: